[Event "10th Boris Kostic mem"]
[Site "Vrsac"]
[EventDate "1983.09.18"]
[Date "1983.09.26"]
[Round "8"]
[White "Ivanovic, Bozidar"]
[Black "Rajkovic, Dusan"]
[Result "1-0"]
[WhiteElo "2515"]
[BlackElo "2500"]
[PlyCount "111"]
[Source "Perpetual Check"]

1. e4 c5 2. Nc3 Nc6 3. g3 g6 4. Bg2 Bg7 5. d3 d6 6. Be3 e5 7. Qd2 Nd4 8. Nd1
Be6 9. c3 Nc6 10. Ne2 Nge7 11. f4 O-O 12. O-O Qd7 13. Nf2 f5 14. d4 cxd4 15.
cxd4 fxe4 16. Nxe4 exf4 17. Nxf4 Bf7 18. Bh3 Nf5 19. Nh5 gxh5 20. Bxf5 Be6 21.
Bxh7+ Kxh7 22. d5 Bf5 23. dxc6 bxc6 24. Ng5+ Kg8 25. Bd4 Rae8 26. Rae1 Be5 27.
Bxe5 Rxe5 28. Rxe5 dxe5 29. Qxd7 Bxd7 30. Rxf8+ Kxf8 31. Nf3 Be6 32. a3 Ke7 33.
Nxe5 Kd6 34. Nf3 Kd5 35. Kf2 a5 36. Ke3 a4 37. Nd4 Bf7 38. h3 c5 39. Nb5 Ke5
40. Nc3 Be8 41. Ne4 c4 42. Nd2 Kd5 43. g4 h4 44. Nf3 c3 45. bxc3 Kc4 46. Kd2
Kb3 47. Ne5 Kxa3 48. Kc2 Ka2 49. c4 a3 50. c5 Bg6+ 51. Nxg6 Ka1 52. c6 a2 53.
Kd2 Kb1 54. c7 a1=Q 55. c8=Q Qd4+ 56. Ke2 1-0

[Event "10th Boris Kostic mem"]
[Site "Vrsac"]
[EventDate "1983.09.18"]
[Date "1983.09.26"]
[Round "8"]
[White "Duric, Stefan"]
[Black "Tarjan, James Edward"]
[Result "1-0"]
[WhiteElo "2500"]
[BlackElo "2535"]
[PlyCount "61"]
[Source "Perpetual Check"]

1. c4 Nf6 2. Nc3 c5 3. Nf3 e6 4. e3 d5 5. d4 cxd4 6. exd4 Bb4 7. cxd5 Nxd5 8.
Bd2 O-O 9. Bd3 Nc6 10. O-O Nf6 11. Bg5 Be7 12. Rc1 b6 13. Bxf6 Bxf6 14. Ne4 Bb7
15. Nxf6+ Qxf6 16. Be4 Rac8 17. Rc3 Rfd8 18. Qb1 g6 19. Rfc1 Na5 20. Rxc8 Rxc8
21. Bxb7 Rxc1+ 22. Qxc1 Nxb7 23. Qc7 Qf5 24. h4 Qd5 25. Ne5 Nd8 26. Nd7 Qa8 27.
h5 gxh5 28. Qg3+ Kh8 29. Qe5+ Kg8 30. Qg5+ Kh8 31. Nf6 1-0

[Event "10th Boris Kostic mem"]
[Site "Vrsac"]
[EventDate "1983.09.18"]
[Date "1983.09.27"]
[Round "9"]
[White "Cebalo, Miso"]
[Black "De Firmian, Nick"]
[Result "0-1"]
[WhiteElo "2475"]
[BlackElo "2520"]
[PlyCount "110"]
[Source "Perpetual Check"]

1. d4 Nf6 2. c4 e6 3. Nc3 Bb4 4. e3 b6 5. Nge2 Ba6 6. Ng3 Bxc3+ 7. bxc3 d5 8.
Ba3 Bxc4 9. Bxc4 dxc4 10. e4 Qd7 11. O-O Qb5 12. f4 Nbd7 13. Qc2 Qa6 14. Qb2 h5
15. Rae1 h4 16. Nh1 h3 17. g3 O-O-O 18. Nf2 Qa4 19. Be7 Rde8 20. Bxf6 Nxf6 21.
Qe2 Qc6 22. Nd1 Nd7 23. a4 a6 24. Qc2 f5 25. e5 b5 26. a5 g5 27. fxg5 Reg8 28.
Ne3 Rxg5 29. d5 Qc5 30. dxe6 Nxe5 31. Rxf5 Rxf5 32. Qxf5 Kb8 33. Qe4 Re8 34.
Rd1 Nd3 35. Rf1 Qe7 36. Nxc4 Nc5 37. Qc6 Qxe6 38. Qxc5 Qe4 39. Rf2 Qe1+ 40. Rf1
Qe4 41. Rf2 Qe1+ 42. Rf1 Qxc3 43. Qd5 Qxc4 44. Qxc4 bxc4 45. Rc1 Re4 46. Kf2
Kb7 47. Kf3 Rd4 48. g4 Kc6 49. g5 Kb5 50. g6 Rd8 51. Ke3 Kb4 52. g7 c3 53. Rb1+
Kc4 54. Rc1 c5 55. Ke4 Rg8 0-1

[Event "10th Boris Kostic mem"]
[Site "Vrsac"]
[EventDate "1983.09.18"]
[Date "1983.09.27"]
[Round "9"]
[White "Tarjan, James Edward"]
[Black "Adorjan, Andras"]
[Result "1-0"]
[WhiteElo "2535"]
[BlackElo "2535"]
[PlyCount "109"]
[Source "Perpetual Check"]

1. d4 Nf6 2. c4 e6 3. Nf3 b6 4. Nc3 Bb7 5. a3 d5 6. cxd5 Nxd5 7. e3 g6 8. Bb5+
c6 9. Bd3 Bg7 10. O-O O-O 11. Nxd5 cxd5 12. Bd2 Nc6 13. Rc1 Rc8 14. Qa4 Rc7 15.
Bb5 Qc8 16. Rc3 a6 17. Bxc6 Rxc6 18. Rfc1 Rc4 19. Rxc4 dxc4 20. Qxc4 Qa8 21.
Qe2 Rd8 22. Bc3 Rc8 23. Re1 Be4 24. Nd2 Bd5 25. e4 Bc6 26. Qe3 a5 27. h4 h5 28.
Nf3 b5 29. Qf4 Be8 30. Qd2 Bc6 31. Ng5 Re8 32. d5 exd5 33. Bxg7 Kxg7 34. Qc3+
f6 35. exd5 b4 36. axb4 axb4 37. Qxb4 Bxd5 38. Re7+ Kh8 39. Nh3 Rxe7 40. Qxe7
Qc6 41. Kh2 Kg8 42. Nf4 Bf7 43. Qd8+ Kg7 44. Qd4 Qb7 45. b4 Qb8 46. Kg1 Qb5 47.
Nd3 g5 48. Nc5 gxh4 49. Qxh4 Qe2 50. Qd4 Bg6 51. Nd7 Qe6 52. b5 Be8 53. b6 Bxd7
54. b7 Qe8 55. Qd6 1-0

[Event "10th Boris Kostic mem"]
[Site "Vrsac"]
[EventDate "1983.09.18"]
[Date "1983.09.27"]
[Round "9"]
[White "Bjelajac, Milan"]
[Black "Ivanovic, Bozidar"]
[Result "1/2-1/2"]
[WhiteElo "2405"]
[BlackElo "2515"]
[PlyCount "67"]
[Source "Perpetual Check"]

1. e4 g6 2. d4 Bg7 3. Nc3 c6 4. Nf3 d5 5. h3 Nh6 6. exd5 cxd5 7. Bb5+ Nc6 8.
Ne5 Bd7 9. Bxc6 Bxc6 10. O-O Nf5 11. Re1 O-O 12. Nf3 Rc8 13. Ne2 Nd6 14. Ne5
Qb6 15. c3 Rfe8 16. Nf4 e6 17. h4 Ne4 18. Nxc6 bxc6 19. Nd3 Qd8 20. h5 c5 21.
dxc5 Nxc5 22. hxg6 hxg6 23. Nxc5 Rxc5 24. Be3 Rb5 25. Qe2 Qb8 26. Bxa7 Qb7 27.
Bd4 Rxb2 28. Qg4 e5 29. a4 Qc6 30. Be3 Qxc3 31. Qd7 Qc8 32. Qxd5 e4 33. Rac1
Qb8 34. a5 1/2-1/2

[Event "10th Boris Kostic mem"]
[Site "Vrsac"]
[EventDate "1983.09.18"]
[Date "1983.09.28"]
[Round "10"]
[White "Kapelan, Milorad"]
[Black "Suba, Mihai"]
[Result "1/2-1/2"]
[WhiteElo "2300"]
[BlackElo "2555"]
[PlyCount "117"]
[Source "Perpetual Check"]

1. Nf3 c5 2. c4 b6 3. g3 Bb7 4. Bg2 g6 5. O-O Bg7 6. Nc3 Nf6 7. d4 cxd4 8. Nxd4
Bxg2 9. Kxg2 Qc8 10. Qd3 Nc6 11. b3 h5 12. Bb2 h4 13. Nf3 Nb4 14. Qb1 d5 15.
Nxh4 dxc4 16. Ne4 Qc6 17. f3 Nxe4 18. Bxg7 Rxh4 19. gxh4 Nd2 20. Qc1 Nxf1 21.
Kxf1 cxb3 22. Qxc6+ Nxc6 23. axb3 f6 24. Bh6 O-O-O 25. Be3 Rh8 26. Ra4 b5 27.
Rg4 Ne5 28. Rg2 a5 29. f4 Nc6 30. Rxg6 Rxh4 31. Rg2 a4 32. bxa4 bxa4 33. Bc1
Nd4 34. e3 Nf5 35. Rg8+ Kb7 36. e4 Nd4 37. Rg7 Nc6 38. Kg2 Rh8 39. Ba3 Kb6 40.
h4 Rd8 41. Kh3 Rd1 42. Rg2 e5 43. fxe5 Nxe5 44. Be7 Rf1 45. h5 Kc6 46. Rd2 Rh1+
47. Kg3 Rxh5 48. Rd6+ Kb5 49. Rd5+ Kc4 50. Bxf6 a3 51. Rxe5 Rh6 52. Rf5 a2 53.
Bb2 Rb6 54. Ba1 Rb1 55. Bf6 Rb6 56. Bh8 Rb8 57. Ra5 Rxh8 58. Rxa2 Kd4 59. Ra4+
1/2-1/2

[Event "10th Boris Kostic mem"]
[Site "Vrsac"]
[EventDate "1983.09.18"]
[Date "1983.09.28"]
[Round "10"]
[White "Ivanovic, Bozidar"]
[Black "Gligoric, Svetozar"]
[Result "1/2-1/2"]
[WhiteElo "2515"]
[BlackElo "2505"]
[PlyCount "28"]
[Source "Perpetual Check"]

1. e4 e5 2. Nf3 Nc6 3. Bc4 Bc5 4. O-O Nf6 5. d3 d6 6. c3 a6 7. Bb3 O-O 8. Nbd2
Ba7 9. Nc4 Ne7 10. a4 Ng6 11. a5 Be6 12. Be3 Bxe3 13. Nxe3 Nf4 14. Bxe6 Nxe6
1/2-1/2

[Event "10th Boris Kostic mem"]
[Site "Vrsac"]
[EventDate "1983.09.18"]
[Date "1983.09.28"]
[Round "10"]
[White "Duric, Stefan"]
[Black "Bjelajac, Milan"]
[Result "0-1"]
[WhiteElo "2500"]
[BlackElo "2405"]
[PlyCount "134"]
[Source "Perpetual Check"]

1. d4 f5 2. Nc3 d5 3. Bg5 c6 4. e3 Nf6 5. Bxf6 exf6 6. Bd3 g6 7. Qf3 Bd6 8.
Nge2 Nd7 9. h3 Ne5 10. dxe5 fxe5 11. e4 fxe4 12. Nxe4 dxe4 13. Bxe4 Rf8 14. Qc3
Bf5 15. Bxf5 gxf5 16. O-O-O Qe7 17. Qa5 Qc7 18. Qa4 a6 19. Qh4 Rd8 20. Rhe1 Qe7
21. Qg3 Kd7 22. f4 Kc8 23. Nd4 e4 24. Kb1 h5 25. Qg6 Qf6 26. Qxh5 Bxf4 27. Nb3
Bg3 28. Rf1 Bc7 29. Rde1 Qe5 30. g4 fxg4 31. Qxg4+ Kb8 32. Rg1 e3 33. Nc1 Bb6
34. Nd3 Qb5 35. a4 Qa5 36. Qe2 Bd4 37. h4 Ka8 38. Rg5 Qc7 39. h5 Rfe8 40. Qg4
Bf6 41. Rg6 Bh8 42. Re6 Rxe6 43. Qxe6 Qh2 44. Qxe3 Qxh5 45. Qe7 Rb8 46. Nc5 Qg4
47. Nd7 Qd4 48. c3 Qd3+ 49. Ka2 Bxc3 50. Re3 Qd5+ 51. Ka3 Bd4 52. Rd3 Bxb2+ 53.
Kxb2 Qxd3 54. Nb6+ Ka7 55. Qc5 Re8 56. Nd5+ Ka8 57. Nc7+ Kb8 58. Nxe8 Qe2+ 59.
Kc3 Qxe8 60. Qd6+ Ka8 61. Kd4 Qb8 62. Qe7 Qf4+ 63. Kc5 Ka7 64. Qd8 Qe5+ 65. Kc4
b5+ 66. Kd3 Qd5+ 67. Qxd5 cxd5 0-1

[Event "10th Boris Kostic mem"]
[Site "Vrsac"]
[EventDate "1983.09.18"]
[Date "1983.09.28"]
[Round "10"]
[White "Agzamov, Georgy"]
[Black "Cebalo, Miso"]
[Result "1/2-1/2"]
[WhiteElo "2535"]
[BlackElo "2475"]
[PlyCount "96"]
[Source "Perpetual Check"]

1. d4 Nf6 2. c4 e6 3. Nf3 c5 4. d5 exd5 5. cxd5 d6 6. Nc3 g6 7. Bg5 h6 8. Bh4
Bg7 9. Nd2 a6 10. a4 g5 11. Bg3 Nh5 12. e3 Nxg3 13. hxg3 Nd7 14. Nce4 Nf6 15.
Nxf6+ Qxf6 16. Nc4 O-O 17. Ra2 Bf5 18. a5 Rae8 19. Be2 Qe7 20. O-O Bd7 21. g4
h5 22. gxh5 f5 23. b3 g4 24. g3 Rf6 25. Kg2 Rh6 26. Rh1 Kf7 27. Bd3 Qg5 28. f4
Qf6 29. Re2 Reh8 30. Ree1 Rxh5 31. Rxh5 Rxh5 32. Rh1 Rxh1 33. Qxh1 Kg6 34. Qd1
Kf7 35. Qc2 Kg6 36. Qe2 Kf7 37. Qc2 Kg6 38. Qd1 Kf7 39. Qb1 Kg6 40. Be2 Kf7 41.
Bd3 Kg6 42. b4 cxb4 43. Qxb4 Bb5 44. Kf2 Bf8 45. Qb1 Be7 46. Qc2 Bd8 47. Qd1
Kg7 48. Qc2 Kg6 1/2-1/2

[Event "10th Boris Kostic mem"]
[Site "Vrsac"]
[EventDate "1983.09.18"]
[Date "1983.09.29"]
[Round "11"]
[White "Cebalo, Miso"]
[Black "Smejkal, Jan"]
[Result "1/2-1/2"]
[WhiteElo "2475"]
[BlackElo "2560"]
[PlyCount "83"]
[Source "Perpetual Check"]

1. c4 Nf6 2. Nc3 d5 3. cxd5 Nxd5 4. g3 e5 5. Bg2 Nb6 6. Nf3 Nc6 7. d3 Be7 8. a3
O-O 9. O-O Be6 10. Be3 f5 11. Rc1 Bf6 12. Nd2 Rb8 13. Nb3 Nd5 14. Nc5 Bf7 15.
Bd2 Nxc3 16. Bxc3 Qd6 17. Bd2 Bd5 18. e4 fxe4 19. dxe4 Bf7 20. Be3 Rfd8 21.
Qxd6 Rxd6 22. Bh3 a5 23. Rfd1 Rxd1+ 24. Rxd1 Rd8 25. Rc1 b6 26. Nd7 Be8 27.
Be6+ Kh8 28. Nxf6 gxf6 29. Bh6 Nd4 30. Bg4 c5 31. Kg2 Bc6 32. f3 Kg8 33. b4
axb4 34. axb4 cxb4 35. Be3 Bd7 36. Bxd7 Rxd7 37. Rc4 b3 38. Rb4 Nc2 39. Rxb3
Nxe3+ 40. Rxe3 b5 41. Rb3 Rb7 42. Kf2 1/2-1/2

[Event "10th Boris Kostic mem"]
[Site "Vrsac"]
[EventDate "1983.09.18"]
[Date "1983.09.29"]
[Round "11"]
[White "Tarjan, James Edward"]
[Black "Agzamov, Georgy"]
[Result "1-0"]
[WhiteElo "2535"]
[BlackElo "2535"]
[PlyCount "77"]
[Source "Perpetual Check"]

1. d4 Nf6 2. c4 e6 3. Nf3 c5 4. d5 exd5 5. cxd5 d6 6. Nc3 g6 7. Bf4 a6 8. e4
Bg7 9. Qa4+ Bd7 10. Qb3 Bc8 11. a4 O-O 12. Be2 Nh5 13. Bg5 f6 14. Be3 f5 15.
exf5 gxf5 16. Ng5 Bxc3+ 17. bxc3 f4 18. Ne6 Bxe6 19. dxe6 Qe7 20. Bxh5 fxe3 21.
Bf7+ Kg7 22. O-O Nc6 23. fxe3 Nd8 24. Qd5 Nxf7 25. exf7 Qxe3+ 26. Kh1 Qe5 27.
Qf3 Qe6 28. Qxb7 Qc4 29. Rae1 Rab8 30. Qe7 Qd3 31. h3 Rbc8 32. Qd7 Rb8 33. Rf3
Qg6 34. Kh2 Rbd8 35. Qe7 Kh8 36. Re6 Qg7 37. Qxd8 Rxd8 38. Re8+ Qf8 39. Rxd8
1-0

[Event "10th Boris Kostic mem"]
[Site "Vrsac"]
[EventDate "1983.09.18"]
[Date "1983.09.29"]
[Round "11"]
[White "Gligoric, Svetozar"]
[Black "Duric, Stefan"]
[Result "1-0"]
[WhiteElo "2505"]
[BlackElo "2500"]
[PlyCount "77"]
[Source "Perpetual Check"]

1. d4 Nf6 2. c4 e6 3. Nc3 Bb4 4. e3 c5 5. Nge2 d5 6. a3 Bxc3+ 7. Nxc3 cxd4 8.
exd4 dxc4 9. Bxc4 Nc6 10. Be3 O-O 11. O-O h6 12. Qd3 b6 13. Rad1 Bb7 14. f3 Rc8
15. Ba2 Rc7 16. Bb1 Rd7 17. Ne4 Re8 18. Nxf6+ Qxf6 19. Qh7+ Kf8 20. Be4 Ne7 21.
d5 Nxd5 22. Bd4 e5 23. Bc3 a5 24. Rfe1 g5 25. b4 Red8 26. Bxd5 Rxd5 27. Bxe5
Rxe5 28. Rxd8+ Ke7 29. Rdd1 axb4 30. axb4 Rxe1+ 31. Rxe1+ Kf8 32. Qd3 Qc6 33.
Qd4 Kg8 34. h3 Ba6 35. Qe5 Bc4 36. Rd1 Be6 37. Kh2 Kh7 38. Rd8 Qc2 39. h4 1-0

[Event "10th Boris Kostic mem"]
[Site "Vrsac"]
[EventDate "1983.09.18"]
[Date "1983.09.29"]
[Round "11"]
[White "Suba, Mihai"]
[Black "Ivanovic, Bozidar"]
[Result "0-1"]
[WhiteElo "2555"]
[BlackElo "2515"]
[PlyCount "126"]
[Source "Perpetual Check"]

1. c4 d6 2. d4 e5 3. Nc3 Nd7 4. Nf3 g6 5. g3 Bg7 6. Bg2 Nh6 7. O-O O-O 8. Qd2
Nf5 9. e3 Re8 10. Rd1 h5 11. b3 e4 12. Ne1 Nf6 13. h3 c6 14. d5 c5 15. Rb1 Nh6
16. b4 b6 17. bxc5 bxc5 18. Qc2 Bf5 19. Rb3 Qd7 20. Kh2 Nh7 21. Nxe4 Ng5 22. f3
Qe7 23. Bb2 Bxe4 24. fxe4 h4 25. g4 Be5+ 26. Kg1 Bxb2 27. Qxb2 Nxe4 28. Rb7 Qd8
29. Nd3 Ng5 30. Nf4 Re7 31. Rb3 Re8 32. Rb1 Qe7 33. Kh1 Ne4 34. Ne6 Ng3+ 35.
Kg1 fxe6 36. Rb7 Qf8 37. dxe6 Rac8 38. Bd5 Re7 39. Qc2 Kh7 40. Qa4 Rcc7 41. Rb8
Qf6 42. Qd1 Kg7 43. R1b2 Rxe6 44. Rf2 Qe5 45. Bxe6 Qxe6 46. Qa1+ Qe5 47. Qxe5+
dxe5 48. Rfb2 Kf6 49. R8b7 Rc6 50. Rxa7 Rd6 51. Rf2+ Kg5 52. Rg7 Nxg4 53. hxg4
Kxg4 54. Kh2 g5 55. Rg2 Rd3 56. Rb7 Rxe3 57. Rb1 e4 58. Ra1 Ra3 59. Rb2 e3 60.
Rb8 e2 61. Re8 Rd3 62. Re1 Kf3 63. Re5 Kf2 0-1

[Event "10th Boris Kostic mem"]
[Site "Vrsac"]
[EventDate "1983.09.18"]
[Date "1983.09.30"]
[Round "12"]
[White "Smejkal, Jan"]
[Black "Kapelan, Milorad"]
[Result "1-0"]
[WhiteElo "2560"]
[BlackElo "2300"]
[PlyCount "77"]
[Source "Perpetual Check"]

1. c4 e6 2. Nf3 d5 3. b3 Be7 4. Bb2 Nf6 5. g3 b6 6. Bg2 Bb7 7. O-O O-O 8. e3 c5
9. Nc3 Nbd7 10. Qe2 Rc8 11. d3 Qc7 12. Rad1 a6 13. e4 d4 14. Nb1 b5 15. Nbd2
Nb6 16. Ne1 Nfd7 17. f4 Nb8 18. Bc1 Nc6 19. e5 Rce8 20. Ne4 Kh8 21. Nf3 Nd8 22.
Rf2 f5 23. exf6 gxf6 24. Re1 Nc8 25. Nh4 f5 26. Ng5 Bxg2 27. Kxg2 Bf6 28. Qh5
Qg7 29. Nxf5 Qg6 30. Qxg6 hxg6 31. Nh4 Kg7 32. Nhf3 Re7 33. cxb5 axb5 34. Rc2
Bxg5 35. Nxg5 Rf5 36. Bd2 Rd7 37. Rec1 Rdd5 38. Rxc5 Ne7 39. Rc7 1-0

[Event "10th Boris Kostic mem"]
[Site "Vrsac"]
[EventDate "1983.09.18"]
[Date "1983.09.30"]
[Round "12"]
[White "Duric, Stefan"]
[Black "Suba, Mihai"]
[Result "1-0"]
[WhiteElo "2500"]
[BlackElo "2555"]
[PlyCount "91"]
[Source "Perpetual Check"]

1. c4 Nf6 2. Nc3 e5 3. g3 c6 4. Nf3 d6 5. Bg2 Nbd7 6. O-O g6 7. b4 Bg7 8. b5 c5
9. d3 h6 10. Bd2 O-O 11. Ne1 Ne8 12. a4 f5 13. a5 Rb8 14. f4 Nc7 15. Kh1 Kh7
16. Ra2 Ne6 17. Nd5 exf4 18. gxf4 Nf6 19. Nxf6+ Qxf6 20. Nc2 Nd4 21. Ne3 Qf7
22. Nd5 Be6 23. Nc3 a6 24. b6 Nc6 25. Nd5 Ne7 26. Nc7 Bd7 27. e3 Bc6 28. Bxc6
Nxc6 29. Qf3 Ne7 30. Be1 Bf6 31. Rg2 Rg8 32. Rfg1 Rg7 33. Rg3 Bh4 34. Rh3 Bxe1
35. Rxh6+ Kg8 36. Rxe1 Rh7 37. Rxh7 Kxh7 38. Rg1 Nc6 39. Nxa6 Ra8 40. Nc7 Rxa5
41. Nb5 Qe6 42. e4 fxe4 43. dxe4 Kg7 44. f5 Qxc4 45. Nxd6 Qc2 46. fxg6 1-0

[Event "10th Boris Kostic mem"]
[Site "Vrsac"]
[EventDate "1983.09.18"]
[Date "1983.09.30"]
[Round "12"]
[White "Cebalo, Miso"]
[Black "Tarjan, James Edward"]
[Result "1/2-1/2"]
[WhiteElo "2475"]
[BlackElo "2535"]
[PlyCount "23"]
[Source "Perpetual Check"]

1. d4 Nf6 2. c4 g6 3. Nc3 Bg7 4. e4 d6 5. Nf3 O-O 6. Be2 e5 7. O-O Nc6 8. d5
Ne7 9. Ne1 Nd7 10. Nd3 f5 11. Bd2 c5 12. f4 1/2-1/2

[Event "10th Boris Kostic mem"]
[Site "Vrsac"]
[EventDate "1983.09.18"]
[Date "1983.10.02"]
[Round "13"]
[White "Rajkovic, Dusan"]
[Black "Cebalo, Miso"]
[Result "1/2-1/2"]
[WhiteElo "2500"]
[BlackElo "2475"]
[PlyCount "27"]
[Source "Perpetual Check"]

1. d4 Nf6 2. c4 e6 3. Nf3 Bb4+ 4. Bd2 Qe7 5. g3 O-O 6. Bg2 Bxd2+ 7. Qxd2 d6 8.
Nc3 e5 9. O-O Re8 10. dxe5 dxe5 11. Ng5 h6 12. Nge4 Nxe4 13. Bxe4 c6 14. Rfd1
1/2-1/2

[Event "10th Boris Kostic mem"]
[Site "Vrsac"]
[EventDate "1983.09.18"]
[Date "1983.10.02"]
[Round "13"]
[White "Bjelajac, Milan"]
[Black "Agzamov, Georgy"]
[Result "1/2-1/2"]
[WhiteElo "2405"]
[BlackElo "2535"]
[PlyCount "54"]
[Source "Perpetual Check"]

1. e4 e5 2. Nf3 Nc6 3. d4 exd4 4. Nxd4 Bc5 5. Nxc6 Qf6 6. Qd2 dxc6 7. Bd3 Be6
8. O-O O-O-O 9. Qe2 Ne7 10. Kh1 g5 11. Qh5 h6 12. f4 Qd4 13. Bd2 gxf4 14. Bc3
Qe3 15. Bd2 Qd4 16. Bc3 Qe3 17. Bd2 Qd4 18. Bc3 Qe3 19. Nd2 Bd4 20. Rae1 Bxc3
21. Rxe3 fxe3 22. bxc3 exd2 23. Rd1 Kb8 24. a4 b6 25. Rxd2 a5 26. Rf2 Ng6 27.
h3 c5 1/2-1/2

[Event "10th Boris Kostic mem"]
[Site "Vrsac"]
[EventDate "1983.09.18"]
[Date "1983.10.02"]
[Round "13"]
[White "Kapelan, Milorad"]
[Black "Ivanovic, Bozidar"]
[Result "1-0"]
[WhiteElo "2300"]
[BlackElo "2515"]
[PlyCount "83"]
[Source "Perpetual Check"]

1. Nf3 d6 2. d4 Nd7 3. g3 e5 4. dxe5 dxe5 5. Bg2 Ngf6 6. O-O Bd6 7. c4 O-O 8.
Nc3 Re8 9. Qc2 c6 10. Rd1 Qc7 11. b3 Bf8 12. Bb2 h6 13. Nd2 Nh7 14. a3 Nc5 15.
b4 Ne6 16. Nb3 Neg5 17. c5 f5 18. Nd2 Be6 19. e3 Rad8 20. f4 Nf7 21. Nf3 Nf6
22. Rxd8 Rxd8 23. Re1 Ng4 24. h3 Nf6 25. Ne2 Nd5 26. Nc3 Ne7 27. Ne2 e4 28.
Nfd4 Bc8 29. Nc3 Re8 30. Qe2 g6 31. Qc4 Bg7 32. Bf1 Rd8 33. Rd1 Nd5 34. Nxd5
Rxd5 35. Qb3 Rd8 36. Bc4 Bxd4 37. Bxd4 Qe7 38. Kh2 Re8 39. Bb2 Qf8 40. Rd6 b5
41. Rxg6+ Kh7 42. Bxf7 1-0